banner koha

Desempenho de novilhos nelore e seus mestiços com Santa Gertrudis e Simental, recebendo cinco níveis de suplementação a pasto (Registro n. 185547)

MARC details
000 -LÍDER
campo de controle de tamanho fixo 01034nas a2200337 4500
001 - NÚMERO DE CONTROLE
campo de controle BR0601714
003 - IDENTIFICADOR DO NÚMERO DE CONTROLE
campo de controle BR-BrBNA
005 - DATA E HORÁRIO DA ÚLTIMA TRANSAÇÃO
campo de controle 20231205105946.0
007 - CAMPO FIXO DE DESCRIÇÃO FÍSICA--INFORMAÇÃO GERAL
campo de controle de tamanho fixo ta
008 - CAMPO DE DADOS FIXOS--INFORMAÇÃO GERAL
campo de controle de tamanho fixo 230509b bl.|||p| |||| 00| 00por d
040 ## - FONTE DA CATALOGAÇÃO
Instituição da catalogação original BR-BrBNA
Idioma da catalogação por
Instituição que transcreveu o registro Biblioteca Nacional de Agricultura
041 ## - CÓDIGO DE IDIOMA
Código do idioma do texto/trilha sonora ou título diferente (Pt)
072 ## - CÓDIGO DE CATEGORIA DE ASSUNTO
Código de Categoria de Assunto L02
100 1# - ENTRADA PRINCIPAL--NOME PESSOAL
Nome pessoal Tonissi, R.H. de
100 1# - ENTRADA PRINCIPAL--NOME PESSOAL
Nome pessoal Goes, B. de
100 1# - ENTRADA PRINCIPAL--NOME PESSOAL
Nome pessoal Mancio, A.B.
100 1# - ENTRADA PRINCIPAL--NOME PESSOAL
Nome pessoal Alves, D.D.
100 1# - ENTRADA PRINCIPAL--NOME PESSOAL
Nome pessoal Lana, R. de P.
100 1# - ENTRADA PRINCIPAL--NOME PESSOAL
Nome pessoal Lambertucci, D.M.
100 1# - ENTRADA PRINCIPAL--NOME PESSOAL
Nome pessoal Silva, A.T.S. da
245 1# - TÍTULO
Título Desempenho de novilhos nelore e seus mestiços com Santa Gertrudis e Simental, recebendo cinco níveis de suplementação a pasto
650 ## - ASSUNTO--TERMO TÓPICO
Cabeçalho tópico ou nome geográfico GADO DE CORTE
650 ## - ASSUNTO--TERMO TÓPICO
Cabeçalho tópico ou nome geográfico RECRIA
650 ## - ASSUNTO--TERMO TÓPICO
Cabeçalho tópico ou nome geográfico CAPIM BRACHIARIA
650 ## - ASSUNTO--TERMO TÓPICO
Cabeçalho tópico ou nome geográfico PASTAGEM
650 ## - ASSUNTO--TERMO TÓPICO
Cabeçalho tópico ou nome geográfico SUPLEMENTO ALIMENTAR
650 ## - ASSUNTO--TERMO TÓPICO
Cabeçalho tópico ou nome geográfico GANHO DE PESO
773 0# - ENTRADA ANALÍTICA
Título Ciência e Agrotecnologia (Brazil)
ISSN - International Standard Serial Number ISSN 1413-7054
Partes relacionadas (Nov-Dec 2005), v. 29(6) p. 1265-1271
Número de controle do registro BR0601714
909 ## -
-- 202311
-- Lúcia
-- 55
-- Lúcia Elande
942 ## - ELEMENTOS DE ENTRADA ADICIONADOS (KOHA)
Fonte da classificação ou esquema de arquivamento na estante Classificação AGRIS
Ocultar no OPAC Não
Tipo de material Koha Analítica
Exemplares
Situação do descarte Fonte da classificação ou esquema de arquivamento na estante Situação física Não pode ser emprestado Biblioteca de origem Biblioteca atual Localização na estante Enumeração do periódico / cronologia Total de empréstimos Data de último acesso Número do exemplar Tipo de material Koha Fonte de aquisição
  Classificação AGRIS   Consulta local Biblioteca Nacional de Agricultura - Binagri Biblioteca Nacional de Agricultura - Binagri   (Nov-Dec 2005), v. 29(6) p. 1265-1271   29/11/2023 01 Periódicos Portaria Interministerial nº 164/94

BINAGRI

Telefone: (61)3218-2567/2388/3357/2097 - binagri@agro.gov.br

Ministério da Agricultura e Pecuária , Esplanada dos Ministérios, Bloco D, Anexo B, Brasília/DF, CEP: 70.043-900